000 00517nam a22001937a 4500
003 Ost
005 20230327190603.0
008 230327b |||||||| |||| 00| 0 eng d
020 _a9781118531648
040 _cBT-PhCST
050 _a24545-24547
082 _222
_a005.276
_bDUC
100 _aDuckett, Jon.
245 _aJavascript and jquery :
_binteractive front-end web development /
260 _aUSA :
_bJohn Wiley & Sons,
300 _a622 p. :
_bill. ;
_c24 cm.
500 _aIncludes index.
942 _2ddc
_cIT
999 _c9532
_d9532